[Event "Milan SSM op 09"]
[Site "Milan"]
[Date "2014.10.10"]
[Round "8"]
[White "Costa, Calogero"]
[Black "Figini, Vittorio"]
[Result "1-0"]
[WhiteElo "1503"]
[BlackElo "1453"]
[PlyCount "47"]
[EventDate "2014.09.16"]
[EventType "swiss"]
[EventRounds "8"]
[EventCountry "ITA"]
[SourceTitle "EXT 2016"]
[Source "ChessBase"]
[SourceDate "2015.10.08"]
[SourceVersion "1"]
[SourceVersionDate "2015.10.08"]
[SourceQuality "1"]

1. d4 Nf6 2. c4 e6 3. g3 c5 4. Nf3 b6 5. Bg2 Bb7 6. 0-0 Be7 7. Nc3 0-0 8. d5 exd5 9. cxd5 d6 10. Re1 Nbd7 11. h3 a6 12. a4 b5 13. axb5 axb5 14. Rxa8 Qxa8 15. e4 b4 16. Nb1 Rd8 17. Nbd2 Nb6 18. Bf1 Ba6 19. Qc2 Bxf1 20. Kxf1 Qa6+ 21. Kg2 Re8 22. b3 Kf8 23. Bb2 Qa2 24. Ra1 1-0

[Event "Milan SSM op 09"]
[Site "Milan"]
[Date "2014.10.03"]
[Round "6"]
[White "Costa, Calogero"]
[Black "Giaretta, Fulvio"]
[Result "1/2-1/2"]
[WhiteElo "1503"]
[BlackElo "1794"]
[PlyCount "81"]
[EventDate "2014.09.16"]
[EventType "swiss"]
[EventRounds "8"]
[EventCountry "ITA"]
[SourceTitle "EXT 2016"]
[Source "ChessBase"]
[SourceDate "2015.10.08"]
[SourceVersion "1"]
[SourceVersionDate "2015.10.08"]
[SourceQuality "1"]

1. d4 Nf6 2. c4 e5 3. dxe5 Ng4 4. Nf3 Bc5 5. e3 Nc6 6. Be2 Qe7 7. Nc3 Ngxe5 8. Nxe5 Qxe5 9. 0-0 0-0 10. Nd5 Ne7 11. Nxe7+ Bxe7 12. Qc2 d6 13. Bd3 Qh5 14. Bd2 Be6 15. Bc3 Rad8 16. e4 c6 17. Rae1 f6 18. Re3 d5 19. exd5 Bd6 20. h3 Bd7 21. Qe2 Qh6 22. Bd2 Bf4 23. Re1 Bxe3 24. Bxe3 g5 25. Qf3 Rfe8 26. Re2 Qg7 27. d6 g4 28. Qg3 gxh3 29. Qxg7+ Kxg7 30. c5 hxg2 31. Kxg2 Re5 32. Rc2 Bf5 33. Rc3 Bxd3 34. Rxd3 Rd7 35. a4 Re4 36. Bd4 Kf7 37. Kf3 Re1 38. Re3 Rb1 39. Rb3 Ra1 40. Rb4 a5 41. Rc4 1/2-1/2

[Event "Milan SSM op 09"]
[Site "Milan"]
[Date "2014.09.19"]
[Round "2"]
[White "Pollio, Ciro"]
[Black "Costa, Calogero"]
[Result "0-1"]
[WhiteElo "1755"]
[BlackElo "1503"]
[PlyCount "120"]
[EventDate "2014.09.16"]
[EventType "swiss"]
[EventRounds "8"]
[EventCountry "ITA"]
[SourceTitle "EXT 2016"]
[Source "ChessBase"]
[SourceDate "2015.10.08"]
[SourceVersion "1"]
[SourceVersionDate "2015.10.08"]
[SourceQuality "1"]

1. d4 d5 2. c4 e6 3. cxd5 exd5 4. Nc3 c6 5. Nf3 Nf6 6. Bg5 Nbd7 7. e3 Qa5 8. Bd3 Bb4 9. Qc2 0-0 10. 0-0 Re8 11. a3 Bxc3 12. bxc3 Ne4 13. c4 Ndf6 14. Bxf6 gxf6 15. cxd5 cxd5 16. Rfc1 Re7 17. Bxe4 dxe4 18. Nd2 Bf5 19. Qc5 Qxc5 20. Rxc5 Bg6 21. Rac1 Kg7 22. Rc7 Rae8 23. Rc8 Rxc8 24. Rxc8 f5 25. Nc4 f4 26. Kf1 fxe3 27. fxe3 Re6 28. Rc7 b5 29. Ne5 Ra6 30. Rc3 Bf5 31. Ke1 Be6 32. Kd2 Bc4 33. Nxc4 bxc4 34. Rxc4 Rxa3 35. Rc2 a5 36. g3 Rd3+ 37. Ke2 a4 38. Rc4 a3 39. Ra4 Kf6 40. d5 Ke5 41. d6 f5 42. d7 Ke6 43. d8Q Rxd8 44. Rxa3 Rc8 45. Kd2 Rd8+ 46. Ke2 Rb8 47. Ra6+ Ke5 48. Ra5+ Kf6 49. Ra2 Kg5 50. h3 h5 51. Ra3 Rb2+ 52. Kf1 Rb1+ 53. Kg2 h4 54. gxh4+ Kxh4 55. Ra2 Kg5 56. Re2 f4 57. exf4+ Kxf4 58. h4 e3 59. h5 Rb5 60. Kf1 Kf3 0-1